An SPSS companion to political analysis

Αποθηκεύτηκε σε:
Λεπτομέρειες βιβλιογραφικής εγγραφής
Κύριος συγγραφέας: Pollock, Phillip H., III
Μορφή: Βιβλίο
Γλώσσα:English
Δημοσίευση: Washington, D.C. : CQ Press, c2005.
Έκδοση:2nd ed.
Θέματα:
Ετικέτες: Προσθήκη ετικέτας
Δεν υπάρχουν, Καταχωρήστε ετικέτα πρώτοι!

MARC

LEADER 00000cam a2200000 i 4500
001 1/81892
008 080411s2005 wau| ||| |||| ||eng||
020 |a 9781568029962 
020 |a 1568029969 
035 |l 10096552 
040 |a GR-MyUa  |b gre  |e AACR2 
041 0 |a eng 
082 7 |a 320.0285555   |2 (22) 
100 1 |a Pollock, Phillip H.,   |c III. 
245 1 3 |a An SPSS companion to political analysis /   |c Philip H. Pollock III. 
250 |a 2nd ed. 
260 |a Washington, D.C. :   |b CQ Press,   |c c2005. 
300 |a xv, 215 σ. :   |b εικ., πίν., σχέδια ;   |c 28 εκ. +   |e 1 οπτική δισκέτα λέϊζερ Η/Υ (4 3/4 ίν.) 
630 0 0 |a SPSS (Computer file)  |x Handbooks, manuals, etc. 
650 0 |a Political statistics  |x Computer programs  |x Handbooks, manuals, etc. 
650 0 |a Analysis of variance  |x Computer programs  |x Handbooks, manuals, etc. 
852 |a INST  |b LESVOS  |e 20080411  |h 320.0285555 POL  |p 005100038655  |q 005100038655  |t BK  |y 0 
852 |a INST  |b LESVOS  |e 20080411  |h 320.0285555 POL   |p 005100038654  |q 005100038654  |t BK  |y 0 
901 |a BIBL1-2008-1 
922 |a 1ΕΛΗ  |b 200801  |c ΕΠΕΑΕΚ2/ΤΠ  |d ΠΑΠΑΣΩΤΗΡΙΟΥ 
970 |a ΓΙΑΛΑΜΑ  |b ΜΑΡΙΑ  |z 2008/04/11